000
00282nam a22000977a 4500
008
140115b xxu||||| |||| 00| 0 eng d
050
_a
BL2400.L84 1999
245
_a
African Religion
_b
World Religions
_c
Aloysius M. Lugira
260
_a
New York
_b
Facts On File, Inc
_c
1999
999
_c
119573
_d
119573